|
|
|
|
| LEADER |
01116nam a2200241 a 4500 |
| 001 |
GR-MES2720 |
| 008 |
991111s1993 gr 000 0 gre d |
| 040 |
|
|
|a GrPaTEI
|b gre
|c GR-PaULI
|
| 245 |
0 |
0 |
|a Εμπράγματη εξασφάλιση τραπεζών και ανωνύμων εταιριών.
|
| 250 |
|
|
|a 2η
|
| 260 |
|
|
|a Αθήνα :
|b ΑΝΤ.Ν.Σάκκουλα,
|c 1993
|
| 300 |
|
|
|a 588σελ.
|
| 650 |
|
4 |
|a ΑΝΩΝΥΜΕΣ ΕΤΑΙΡΙΕΣ
|
| 650 |
|
4 |
|a Δίκαιο
|
| 650 |
|
4 |
|a Ιδιωτικό Δίκαιο
|
| 650 |
|
4 |
|a Τράπεζες
|
| 700 |
1 |
|
|a Μάζη, Π.
|
| 710 |
0 |
|
|a ΑΝΤ.Ν.Σάκκουλα
|
| 942 |
|
|
|2 ddc
|
| 952 |
|
|
|0 0
|1 0
|2 ddc
|4 0
|6 346_080000000000000_ΜΑΖ
|7 0
|9 267143
|a MSLG
|b MSLG
|c BSC
|d 2021-01-17
|e 24
|f 0
|g 0.00
|l 0
|o 346.08 ΜΑΖ
|p 2420000006622
|r 2021-01-17 00:00:00
|t 1
|w 2021-01-17
|y BK15
|x 19991111 0 1
|x GrPaTEI
|
| 952 |
|
|
|0 0
|1 0
|2 ddc
|4 0
|6 346_080000000000000_ΜΑΖ
|7 0
|9 267144
|a MSLG
|b MSLG
|c BSC
|d 2021-01-17
|e 24
|f 0
|g 0.00
|l 0
|o 346.08 ΜΑΖ
|p 2420000010293
|r 2021-01-17 00:00:00
|t 1
|w 2021-01-17
|y BK15
|x 19991111 0 1
|x GrPaTEI
|
| 971 |
|
|
|a .b2573765x
|b 16-04-20
|c 13-09-16
|
| 999 |
|
|
|c 153779
|d 153779
|